| 000 | 01066nmc a2200349 a 4500 | ||
|---|---|---|---|
| 003 | AR-BaBNM | ||
| 005 | 20251128210811.0 | ||
| 008 | 191020s2000 ||||||||||||||000 | spa|| | ||
| 020 | _a84-8323-077-1 | ||
| 040 | _cAR-BaBNM | ||
| 245 | 1 | 0 | _aLa dimensión afectiva en el aprendizaje de idiomas |
| 250 | _a1ª ed. | ||
| 260 |
_aMadrid _bCambridge University Press _c2000 |
||
| 300 | 0 |
_a363 p. _btablas |
|
| 490 | 0 | _aCambridge de didáctica de lenguas | |
| 500 | 1 | _aContiene referencias bibliográficas, índice temático e índice de autores | |
| 650 | 4 | _aENSENANZA DE IDIOMAS | |
| 650 | 4 | _aLENGUA EXTRANJERA | |
| 650 | 4 | _aPROCESO DE APRENDIZAJE | |
| 650 | 4 | _aENSENANZA DE SEGUNDA LENGUA | |
| 650 | 4 | _aAFECTIVIDAD | |
| 650 | 4 | _aDINAMICA DE GRUPO | |
| 650 | 4 | _aROL DEL DOCENTE | |
| 650 | 4 | _aNEUROBIOLOGIA | |
| 650 | 4 | _aPSICOLINGUISTICA | |
| 653 | 0 | _aINTERACCION EDUCATIVA | |
| 700 | 1 |
_aArnold, Jane _eeditor |
|
| 700 | 1 |
_aValero, Alejandro _etraductor |
|
| 800 | 1 |
_aGarcía Santa-Cecilia, Alvaro _edirector |
|
| 942 | _cBK | ||
| 998 | _cRAQUEL | ||
| 999 |
_c16970 _d16970 |
||